Tổng tập văn học các dân tộc thiểu số VN Tap 1 -Quyen 2
Dan ca tru tinh-Dan ca nghi le
Spremljeno u:
| Glavni autor: | |
|---|---|
| Daljnji autori: | |
| Format: | Knjiga |
| Jezik: | Vietnamese |
| Izdano: |
ĐN :
nxb Đa Năng,
2002.
|
| Teme: | |
| Oznake: |
Dodaj oznaku
Bez oznaka, Budi prvi tko označuje ovaj zapis!
|
| Thư viện lưu trữ: | Mạng thư viện Đại học Đà Nẵng |
|---|
| LEADER | 01233cam a22003251a 4500 | ||
|---|---|---|---|
| 001 | 000033276 | ||
| 003 | 9424 | ||
| 005 | 20230424095403.0 | ||
| 008 | 151016s2002 vm 000 vie | ||
| 040 | |a LNN | ||
| 041 | |a vie | ||
| 082 | |a 895.922 09 |b NG-H | ||
| 100 | |a Nguyễn Đức Hùng | ||
| 245 | 0 | |a Tổng tập văn học các dân tộc thiểu số VN |a Tập 1. Quyển 2: Dân ca trữ tình, dân ca nghi lễ / |c Nguyễn Đức Hùng |n Tap 1 -Quyen 2 | |
| 260 | |a ĐN : |b nxb Đa Năng, |c 2002. | ||
| 300 | |a 30cm : |b 999tr;. | ||
| 520 | |a Dan ca tru tinh-Dan ca nghi le | ||
| 650 | |a Van hoc |b Tong tap van hoc: |z Viet nam | ||
| 653 | |b Tong tap van hoc cac dan toc thieu so VN,Nguyen Đuc Hung,2002 | ||
| 700 | |a bien tap: |b Phong bien tap Van hoc Nghe thuat | ||
| OWN | |a LNN | ||
| AVA | |a UDN50 |b LNN |d 895.922 09 NG-H |e available |t Error 5001 Not defined in file expand_doc_bib_avail. |f 1 |g 0 |h N |i 0 |k 1 | ||
| 999 | |a From the UDN01 | ||
| AVA | |a UDN50 |b LNN |d 895.922 09 NG-H |e available |t Error 5001 Not defined in file expand_doc_bib_avail. |f 1 |g 0 |h N |i 0 |k 1 | ||
| TYP | |a Monograph | ||
| 980 | |a Mạng thư viện Đại học Đà Nẵng | ||